State of India's livelihoods report 2011 / (Record no. 61187)

MARC details
000 -LEADER
fixed length control field 01633nam a22003017a 4500
005 - DATE AND TIME OF LATEST TRANSACTION
control field 20120119114441.0
008 - FIXED-LENGTH DATA ELEMENTS--GENERAL INFORMATION
fixed length control field 120119t xxu||||| |||| 00| 0 eng d
010 ## - LCCN (DPL NO)
LC control number ENG-104780
020 ## - INTERNATIONAL STANDARD BOOK NUMBER
International Standard Book Number 9788132107088
Terms of availability 895.00
035 ## - SYSTEM CONTROL NUMBER
System control number EN-88313
037 ## - SOURCE OF ACQUISITION
Source of stock number/acquisition DBAD/PUB
040 ## - CATALOGING SOURCE
Original cataloging agency DPL
Language of cataloging Eng
082 00 - DEWEY DECIMAL CLASSIFICATION NUMBER
Classification number 338.95407
Edition number 23
245 00 - TITLE STATEMENT
Title State of India's livelihoods report 2011 /
Statement of responsibility, etc edited by Sankar Datta, Orlanda Ruthven [and] Vipin Sharma
260 ## - PUBLICATION, DISTRIBUTION, ETC. (IMPRINT)
Place of publication, distribution, etc New Delhi
Name of publisher, distributor, etc SAGE Publications
Date of publication, distribution, etc 2012
270 ## - ADDRESS
Address B1/I-1 Mohan Cooperative Industrial Area , Mathura Road
City New Delhi
Postal code 110044
300 ## - PHYSICAL DESCRIPTION
Extent xix,152p. :
Other physical details ill.
Dimensions 27cm(pbk)
500 ## - GENERAL NOTE
General note Includes bibliographical references.
505 0# - FORMATTED CONTENTS NOTE
Formatted contents note List of tables -- List of figures -- List of boxes -- List of abbreviations -- Preface -- Acknowledgements -- State of India's livelihoods 2011 : a time of volatility -- Livelihoods of the poor -- Reflections on livelihoods policies -- State as the largest livelihoods promoter -- Private industry and services : what is "India Inc." delivering in employment to the poor? -- Potential and possibilities -- About the editors and contributors.
651 #0 - SUBJECT ADDED ENTRY--GEOGRAPHIC NAME
Geographic name Sustainable development
Geographic subdivision India.
9 (RLIN) 39651
651 #0 - SUBJECT ADDED ENTRY--GEOGRAPHIC NAME
Geographic name Sustainable development reporting
Geographic subdivision India.
9 (RLIN) 39652
700 1# - ADDED ENTRY--PERSONAL NAME
Personal name Datta, Sankar
9 (RLIN) 39653
700 1# - ADDED ENTRY--PERSONAL NAME
Personal name Ruthven, Orlanda
9 (RLIN) 39654
700 1# - ADDED ENTRY--PERSONAL NAME
Personal name Sharma, Vipin
9 (RLIN) 39655
942 ## - ADDED ENTRY ELEMENTS (KOHA)
Source of classification or shelving scheme Dewey Decimal Classification
Item type English Books
Classification part 338.95407
Call number suffix STA
Holdings
Withdrawn status Lost status Source of classification or shelving scheme Damaged status Not for loan Collection code Home library Current library Date acquired Source of acquisition Cost, normal purchase price Total Checkouts Full call number Barcode Date last seen Copy number Cost, replacement price Koha item type
    Dewey Decimal Classification   Not For Loan Non-fiction D.B.Act.Division D.B.Act.Division 19/01/2012 DBAD/PUB 895.00   338.95407 STA EN-88313 19/01/2012 1 895.00 English Books

© Delhi Public Library
Hit Counter
free hit counter